00437nam a22001697a 450000500170000001000130001702000110003003500120004103700180005308200080007110000420007924500380012124600370015925000090019626000300020530000320023520151106163353.0 aPUN-7793 c150.00 aPN-6911 aunistar books a851 aਵਾਲਿਆ,ਸੁਦਰਸ਼ਨ aਬਿਫ਼ਰੇ ਮੋਸਮ / aBifre Mausambby Sudershan Walia a2011 aChandigarhbUnistar Books aPg.120b22cmਸਜਿਲਦ